Statistics for NBA 2001 Playoffs Starters

Click here to take the quiz!

General Stats

  • This quiz has been taken 29 times
    (9 since last reset)
  • The average score is 52 of 80

Answer Stats

Team Player % Correct
76ersAllen Iverson
100%
MavericksDirk Nowitzki
100%
Trail BlazersRasheed Wallace
100%
MavericksSteve Nash
100%
Trail BlazersSteve Smith
100%
MagicMike Miller
100%
SunsClifford Robinson
100%
PacersReggie Miller
100%
PacersJermaine O'Neal
100%
SpursTim Duncan
100%
RaptorsAlvin Williams
100%
SpursDavid Robinson
100%
LakersDerek Fisher
100%
LakersKobe Bryant
100%
LakersRick Fox
100%
LakersShaquille O'Neal
100%
KingsJason Williams
100%
JazzJohn Stockton
100%
RaptorsVince Carter
100%
JazzKarl Malone
100%
TimberwolvesKevin Garnett
100%
76ersDikembe Mutombo
100%
BucksSam Cassell
100%
BucksRay Allen
100%
KnicksLatrell Sprewell
100%
BucksGlenn Robinson
100%
BucksScott Williams
100%
BucksErvin Johnson
100%
HeatAlonzo Mourning
100%
SunsJason Kidd
83%
HeatBruce Bowen
83%
HeatTim Hardaway
83%
KingsChris Webber
83%
KingsVlade Divac
83%
76ersTyrone Hill
83%
Trail BlazersDamon Stoudamire
83%
MagicTracy McGrady
83%
KnicksAllan Houston
83%
Trail BlazersScottie Pippen
83%
MavericksMichael Finley
83%
KingsDoug Christie
67%
HeatAnthony Mason
67%
76ersJumaine Jones
67%
HeatEddie Jones
67%
KingsPeja Stojaković
67%
KnicksMark Jackson
67%
HornetsBaron Davis
67%
RaptorsAntonio Davis
67%
LakersHorace Grant
67%
SunsShawn Marion
67%
JazzBryon Russell
50%
HornetsP.J. Brown
50%
76ersAaron McKie
50%
KnicksMarcus Camby
50%
PacersJalen Rose
50%
HornetsJamal Mashburn
50%
Trail BlazersArvydas Sabonis
50%
MavericksShawn Bradley
33%
TimberwolvesWally Szczerbiak
33%
TimberwolvesRasho Nesterović
33%
KnicksKurt Thomas
33%
PacersJeff Foster
33%
RaptorsCharles Oakley
33%
MagicDarrell Armstrong
33%
MagicBo Outlaw
17%
HornetsDavid Wesley
17%
MavericksJuwan Howard
17%
RaptorsChris Childs
17%
SunsMario Elie
17%
TimberwolvesTerrell Brandon
17%
SunsJake Tsakalidis
17%
TimberwolvesAnthony Peeler
0%
JazzOlden Polynice
0%
HornetsElden Campbell
0%
JazzDonyell Marshall
0%
MagicAndrew DeClercq
0%
PacersTravis Best
0%
SpursAntonio Daniels
0%
SpursDanny Ferry
0%
SpursTerry Porter
0%

Score Distribution

Percentile by Number Answered

Percent of People with Each Score

Your Score History

You have not taken this quiz since the last reset